000 02019njm a2200481 c 4500
003 BLK
005 20241004101643.0
008 180410b bul||n||s|||||||| n|bulo|
010 _aCDD00000544000
040 _aBLK
041 _aDEU
_cDEU
080 _aОбой, английски рог, любовен обой.
_b788.7
_x
_z788.7
080 _aФагот, контрафагот
_b788.8
_x
_z788.8
080 _aКларинет, баскларинет, басетхорн
_b788.6
_x
_z788.6
100 1 _aЩраус, Рихард
_d1864 - 1949
_9144682
700 1 _aStrauss, Richard
_925540
700 1 _aWiener Philharmoniker
_9353698
700 1 _aPrevin, Andre
_eдиригент
_921705
139 _aStrauss, Richard
_bS 88
245 1 0 _aRichard Strauss [CD аудио]
_cРихард Щраус; * Richard Strauss; Wiener Philharmoniker; диригент Andre Previn.
257 _aDEU
260 Hamburg
_bDeutsche Grammophon
_c1997
300 _c12 cm. : Stereo
_fбр. в к-т
_g1 CD
306 _a76мин. 46сек.
380 _a7
505 _rобой Martin Gabriel.
_tKonzert fur Oboe und kleines Orchester D-dur
505 _gоп.11
_rвалдхорна Lars-Michael Stransky.
_tKonzert fur Waldhown und Orchester N. 1 Es-dur
505 _rвалдхорна Ronald Janesic.
_tZweites Hornkonzert Es-dur
505 _rкларинет Peter Schmidl; фагот Michael Werba.
_tDuett-Concertino fur Klarinette und Fagott mit Streichorchester und Harfe
650 4 _aОбой - концерти
_9353186
650 4 _aВалдхорна - концерти
_9353188
653 _aоркестрова музика
653 _aобой
653 _aконцерти
653 _aвалдхорни
653 _aкларинети
852 _aЦб CD 4250
_p4
856 4 _qpdf
_u
856 4 _qpdf
_u
942 _cCDD
_n0
944 _aCR
_c08.07.2008
_k30560
_lГеновева Генчева
944 _aED
_c13.10.2016
_kТеодора_Стоянова
999 _c216667
_d216667